|
|
|
|
| LEADER |
00000nam a2200000 i 4500 |
| 001 |
DIGBRUJ022 |
| 003 |
NyNyDIG |
| 008 |
210111s2013 ag ob 000 0 spa d |
| 006 |
m o d |
| 007 |
cr ||||||||||| |
| 035 |
|
|
|a (OCoLC)884830431
|
| 040 |
|
|
|a DGITA
|b eng
|e rda
|e pn
|c DGITA
|
| 020 |
|
|
|a 9789875914407
|q eBook
|
| 020 |
|
|
|a 9875914401
|q eBook
|
| 020 |
|
|
|z 9789875913592
|
| 020 |
|
|
|z 9875913596
|
| 043 |
|
|
|a s-ag---
|
| 050 |
1 |
4 |
|a SB123.25.A7 ebook
|
| 245 |
0 |
0 |
|a Conservación de recursos forestales nativos de Argentina :
|b el cultivo de plantas leñosas en vivero y a campo /
|c editoras, M. Jacqueline Joseau, Martha Y. Conles, Graciela E. Verzino.
|
| 246 |
3 |
0 |
|a Cultivo de plantas leñosas en vivero y a campo
|
| 264 |
|
1 |
|a Cordoba, Argentina :
|b Editorial Brujas,
|c [2013]
|
| 300 |
|
|
|a 1 online resource.
|
| 336 |
|
|
|a text
|b txt
|2 rdacontent
|
| 337 |
|
|
|a computer
|b c
|2 rdamedia
|
| 338 |
|
|
|a online resource
|b cr
|2 rdacarrier
|
| 347 |
|
|
|a text file
|2 rdaft
|
| 347 |
|
|
|b PDF
|
| 504 |
|
|
|a Includes bibliographical references.
|
| 588 |
0 |
|
|a Online resource; title from PDF title page (Digitalia, viewed January 15, 2021)
|
| 650 |
|
0 |
|a Woody plants
|x Breeding
|z Argentina.
|
| 655 |
|
0 |
|a Electronic books.
|
| 700 |
1 |
|
|a Joseau, M. Jacqueline,
|e editor.
|
| 700 |
1 |
|
|a Conles, Martha Y.,
|e editor.
|
| 700 |
1 |
|
|a Verzino, Graciela E.,
|e editor.
|
| 791 |
2 |
|
|a Digitalia (Firm),
|e distributor.
|
| 793 |
0 |
|
|g Digitalia eBook Collection:
|a Editorial Brujas
|
| 776 |
0 |
8 |
|i Print version:
|t Cultivo de plantas leñosas en vivero y a campo.
|b 1a edición.
|d Cordoba : Editorial Brujas, 2014
|z 9789875913592
|w (DLC) 2012516551
|w (OCoLC)918940351
|
| 856 |
4 |
0 |
|3 Digitalia Hispánica
|u https://www.digitaliapublishing.com/a/35396/
|
| 910 |
|
|
|a Premium collection: 2021
|